[Event "Miedzyzdroje OB Seniors 24th"]
[Site "Miedzyzdroje"]
[Date "2016.06.23"]
[Round "7"]
[White "Gander, Ralf"]
[Black "Weidlich, Guenter"]
[Result "0-1"]
[WhiteElo "2134"]
[BlackElo "2200"]
[PlyCount "80"]
[EventDate "2016.06.17"]
[EventType "swiss"]
[EventRounds "9"]
[EventCountry "POL"]
[SourceTitle "EXT 2019"]
[Source "ChessBase"]
[SourceDate "2018.10.10"]
[SourceVersion "1"]
[SourceVersionDate "2018.10.10"]
[SourceQuality "1"]

1. e4 g6 2. f4 d5 3. e5 c5 4. Nf3 Nh6 5. Nc3 Nc6 6. Bb5 a6 7. Bxc6+ bxc6 8. 0-0 Nf5 9. d3 h5 10. Ne2 Qb6 11. c4 dxc4 12. dxc4 Be6 13. Qa4 Nd4 14. Nc3 Bf5 15. Nd5 Qb7 16. Nxd4 cxd4 17. Bd2 Bd7 18. Qb4 Qxb4 19. Nxb4 a5 20. Nd3 Bf5 21. Nf2 c5 22. h3 h4 23. Rfe1 e6 24. Ne4 Be7 25. Kf2 Kd7 26. Kf3 Kc6 27. Re2 a4 28. Be1 Rhb8 29. Rd1 Rb7 30. Rdd2 Rab8 31. Nf6 Rh8 32. Rd1 Rb6 33. Ba5 Rb7 34. Be1 Rhb8 35. Bxh4 Rxb2 36. g4 Bb1 37. Rdd2 a3 38. Bg5 Bxa2 39. h4 Bxc4 40. Rh2 R8b3+ 0-1

[Event "Miedzyzdroje OB Seniors 24th"]
[Site "Miedzyzdroje"]
[Date "2016.06.18"]
[Round "2"]
[White "Grunewald, Peter"]
[Black "Weidlich, Guenter"]
[Result "0-1"]
[WhiteElo "1886"]
[BlackElo "2200"]
[PlyCount "82"]
[EventDate "2016.06.17"]
[EventType "swiss"]
[EventRounds "9"]
[EventCountry "POL"]
[SourceTitle "EXT 2019"]
[Source "ChessBase"]
[SourceDate "2018.10.10"]
[SourceVersion "1"]
[SourceVersionDate "2018.10.10"]
[SourceQuality "1"]

1. c4 c5 2. Nc3 Nc6 3. g3 g6 4. Bg2 Bg7 5. e3 Nh6 6. Nge2 Nf5 7. d3 0-0 8. h4 h5 9. Rb1 d6 10. Nd5 Bd7 11. Bd2 Rb8 12. Bc3 b5 13. Bxg7 Kxg7 14. cxb5 Rxb5 15. Ndc3 Rb8 16. Nf4 Rh8 17. 0-0 Qa5 18. Qe1 Rhe8 19. a3 Rb3 20. Bd5 Rbb8 21. Ne4 Qxe1 22. Rfxe1 Ne5 23. Red1 a5 24. Kg2 Rb6 25. Ng5 e6 26. Be4 Ne7 27. d4 cxd4 28. Rxd4 d5 29. Bc2 N7c6 30. Rdd1 Nc4 31. Nd3 Reb8 32. Nc5 Be8 33. Na4 R6b7 34. e4 d4 35. e5 N6xe5 36. Rxd4 Nxa3 37. Rc1 Nxc2 38. Rxc2 Rb4 39. Rxb4 Rxb4 40. Nc3 Nd3 41. Nd1 Ne1+ 0-1

[Event "MVP-ch Seniors op 15th"]
[Site "Binz"]
[Date "2015.12.02"]
[Round "9.4"]
[White "Weidlich, Guenter"]
[Black "Hubert, Berthold"]
[Result "1/2-1/2"]
[WhiteElo "2066"]
[BlackElo "1981"]
[PlyCount "23"]
[EventDate "2015.11.24"]
[EventType "swiss"]
[EventRounds "9"]
[EventCountry "GER"]
[SourceTitle "EXT 2017"]
[Source "ChessBase"]
[SourceDate "2016.10.25"]
[SourceVersion "1"]
[SourceVersionDate "2016.10.25"]
[SourceQuality "1"]

1. Nf3 Nf6 2. g3 g6 3. b3 Bg7 4. Bb2 0-0 5. c4 c5 6. Bg2 d6 7. 0-0 Nc6 8. Nc3 Bf5 9. d3 Qd7 10. Qd2 Bh3 11. d4 Bxg2 12. Kxg2 1/2-1/2

[Event "MVP-ch Seniors op 15th"]
[Site "Binz"]
[Date "2015.11.26"]
[Round "3.14"]
[White "Juergens, Peter1111"]
[Black "Weidlich, Guenter"]
[Result "0-1"]
[WhiteElo "1855"]
[BlackElo "2066"]
[PlyCount "76"]
[EventDate "2015.11.24"]
[EventType "swiss"]
[EventRounds "9"]
[EventCountry "GER"]
[SourceTitle "EXT 2017"]
[Source "ChessBase"]
[SourceDate "2016.10.25"]
[SourceVersion "1"]
[SourceVersionDate "2016.10.25"]
[SourceQuality "1"]

1. d4 g6 2. Nf3 Bg7 3. e4 d6 4. Nc3 c6 5. a4 a5 6. Be2 Nf6 7. 0-0 0-0 8. h3 Na6 9. Be3 Nb4 10. Qd2 d5 11. e5 Ne8 12. Na2 Nxa2 13. Rxa2 f6 14. Bh6 Be6 15. exf6 exf6 16. Bxg7 Kxg7 17. Bd3 Qd7 18. Kh2 Nd6 19. Re1 Rfe8 20. Raa1 b6 21. Re2 Bf7 22. b3 Rxe2 23. Qxe2 Qc7 24. Kg1 Re8 25. Qf1 c5 26. Bb5 Re7 27. dxc5 bxc5 28. Rd1 Qb6 29. Nd2 Rb7 30. c4 d4 31. Re1 Qd8 32. Ne4 Nxe4 33. Rxe4 Re7 34. Re1 Rxe1 35. Qxe1 d3 36. Qd2 Qd6 37. Kf1 g5 38. Ke1 Qe5+ 0-1

[Event "Arber op Seniors 3rd"]
[Site "Bayerisch Eisenstein"]
[Date "2015.08.08"]
[Round "8"]
[White "Mlynek, Petr"]
[Black "Weidlich, Guenter"]
[Result "1-0"]
[WhiteElo "2197"]
[BlackElo "2193"]
[PlyCount "150"]
[EventDate "2015.08.01"]
[EventType "swiss"]
[EventRounds "9"]
[EventCountry "GER"]
[SourceTitle "EXT 2016"]
[Source "ChessBase"]
[SourceDate "2015.10.08"]
[SourceVersion "1"]
[SourceVersionDate "2015.10.08"]
[SourceQuality "1"]

1. d4 g6 2. c4 Bg7 3. Nc3 d6 4. Nf3 Nd7 5. g3 e5 6. Bg2 Ne7 7. 0-0 0-0 8. e4 exd4 9. Nxd4 Nc6 10. Nde2 Nc5 11. Be3 Be6 12. b3 a5 13. Rc1 Re8 14. Nf4 Bd7 15. Qd2 b6 16. Nfd5 Nb4 17. Bd4 Nbd3 18. Bxg7 Kxg7 19. Rcd1 Ne5 20. f4 Nc6 21. f5 h6 22. Rf4 Ne5 23. f6+ Kh7 24. Rh4 h5 25. h3 c6 26. Ne7 Rxe7 27. fxe7 Qxe7 28. Qxd6 Qxd6 29. Rxd6 Kg7 30. Rf4 Kf8 31. Rf1 Ke7 32. Rfd1 Be6 33. R6d2 Rb8 34. Kf2 Ra8 35. Bf1 Rb8 36. Rd4 Ra8 37. Rb1 Rb8 38. Ke3 Rc8 39. Ne2 f6 40. Nf4 Bf7 41. Be2 Rh8 42. Ng2 Ra8 43. Ne1 Be6 44. Bf1 Ra7 45. Nf3 Nxf3 46. Kxf3 Nd7 47. Rbd1 Ne5+ 48. Ke3 Ra8 49. h4 Rc8 50. Be2 Ra8 51. a3 Rb8 52. Rb1 Ra8 53. Rd2 c5 54. Rbd1 a4 55. Rb1 axb3 56. Rxb3 Bxc4 57. Rxb6 Rxa3+ 58. Kf2 Bxe2 59. Rxe2 Rf3+ 60. Ke1 Rd3 61. Ra2 Nd7 62. Rc6 Kd8 63. Raa6 Re3+ 64. Kf1 Rxe4 65. Re6 Rd4 66. Red6 Rb4 67. Rdc6 Ke7 68. Rc7 Kd8 69. Rcc6 Ne5 70. Rxc5 Ke7 71. Rca5 Nc4 72. Rd5 Kf7 73. Ke2 Nd6 74. Kf3 f5 75. Rdxd6 Ke7 1-0